Statistics for Municipalities in the Province of Florence

Click here to take the quiz!

General Stats

  • This quiz has been taken 7 times
  • The average score is 14 of 41

Answer Stats

Answer% Correct
Firenze
83%
Empoli
67%
Calenzano
50%
Certaldo
50%
Figline e Incisa Valdarno
50%
Fucecchio
50%
Greve in Chianti
50%
Lastra a Signa
50%
Pontassieve
50%
Reggello
50%
Scandicci
50%
Bagno a Ripoli
33%
Barberino di Mugello
33%
Barberino Tavernelle
33%
Borgo San Lorenzo
33%
Campi Bisenzio
33%
Castelfiorentino
33%
Firenzuola
33%
Impruneta
33%
Londa
33%
Marradi
33%
Montaione
33%
Montelupo Fiorentino
33%
Montespertoli
33%
Palazzuolo sul Senio
33%
Pelago
33%
Rignano sull'Arno
33%
San Casciano in Val di Pesa
33%
Scarperia e San Piero
33%
Sesto Fiorentino
33%
Vicchio
33%
Vinci
33%
Capraia e Limite
17%
Cerreto Guidi
17%
Fiesole
17%
Gambassi Terme
17%
San Godenzo
17%
Signa
17%
Vaglia
17%
Diocomano
0%
Rufina
0%

Score Distribution

Percentile by Number Answered

Percent of People with Each Score

Your Score History

You have not taken this quiz